[Event "AUTO-OPEN-2333"]
[Site "http://www.queenalice.com/game.php?id=926414"]
[Date "2011.4.15"]
[Round "1"]
[White "Bluetooth"]
[Black "Dedey_123"]
[Result "1-0"]
[WhiteElo "1096"]
[BlackElo "1432"]

1. d4 d5 2. Nf3 Bg4 3. Nc3 Bxf3 4. exf3 Nc6 5. Bb5 Qd6 6. O-O O-O-O 7. Bxc6 Qxc6
8. Qd3 e6 9. a3 f5 10. Bf4 Bd6 11. Nb5 Kb8 12. Nxd6 cxd6 13. Rfe1 Re8 14. a4 Nf6
15. Qa3 e5 16. dxe5 Nh5 17. Qb4 Nxf4 18. Qxf4 Qxc2 19. exd6 Rxe1+ 20. Rxe1 Ka8
21. Rc1 Qxb2 22. d7 a5 23. Rc8+ Ka7 24. g3 Qb1+ 25. Kg2 1-0

[Event "AUTO-OPEN-2333"]
[Site "http://www.queenalice.com/game.php?id=926415"]
[Date "2011.4.15"]
[Round "1"]
[White "Dedey_123"]
[Black "renatosena2003"]
[Result "0-1"]
[WhiteElo "1399"]
[BlackElo "1904"]

1. e4 c6 2. Nf3 d5 3. e5 Bf5 4. g3 e6 5. d4 Nd7 6. Bg2 f6 7. O-O Bb4 8. c3 Ba5
9. b4 Bc7 10. Nbd2 fxe5 11. Re1 e4 12. Nh4 Ngf6 13. Ba3 Qe7 14. Nxf5 exf5 15. f3
O-O 16. Qb3 Rf7 17. b5 c5 18. dxc5 Nxc5 19. Qb2 Bd6 20. f4 Nd3 21. Bxd6 Qxd6 22.
Qc1 Nxc1 23. Raxc1 Qb6+ 24. Kh1 Ng4 25. h3 Nf2+ 26. Kh2 Nd3 0-1

[Event "AUTO-OPEN-2333"]
[Site "http://www.queenalice.com/game.php?id=926416"]
[Date "2011.4.15"]
[Round "1"]
[White "renatosena2003"]
[Black "Dedey_123"]
[Result "1-0"]
[WhiteElo "1895"]
[BlackElo "1403"]

1. d4 d5 2. g3 Nc6 3. Bg2 b6 4. Nf3 Bb7 5. Nc3 Qd7 6. O-O O-O-O 7. Bf4 f6 8. Nb5
e5 9. dxe5 fxe5 10. Bg5 Nge7 11. c4 dxc4 12. Qxd7+ Rxd7 13. Bh3 Nd4 14. Nbxd4 e4
15. Ne5 h6 16. Bxe7 Bxe7 17. Bxd7+ Kb8 18. Nec6+ Bxc6 19. Nxc6+ Kb7 20. Nxe7 Rd8
21. Rfd1 Rf8 22. Bc6+ Ka6 23. Nd5 1-0

[Event "Challenge"]
[Site "http://www.queenalice.com/game.php?id=928612"]
[Date "2011.4.21"]
[Round "-"]
[White "Dedey_123"]
[Black "Ysolde"]
[Result "0-1"]
[WhiteElo "1460"]
[BlackElo "1163"]

1. e4 e5 2. Qh5 Nc6 3. Bc4 Nh6 4. d3 Bc5 5. Bxh6 O-O 6. Qg4 Qf6 7. Bd2 Qxf2+ 8.
Kd1 Qf1+ 9. Be1 d5 10. exd5 Bxg4+ 11. Kd2 Bxg1 0-1

[Event "AUTO-INT-2025"]
[Site "http://www.queenalice.com/game.php?id=934248"]
[Date "2011.5.4"]
[Round "1"]
[White "Dedey_123"]
[Black "nuage"]
[Result "0-1"]
[WhiteElo "1414"]
[BlackElo "1549"]

1. e4 e5 2. Nf3 Nc6 3. Bc4 Nf6 4. O-O Bc5 5. c3 O-O 6. d4 exd4 7. cxd4 Bb6 8. d5
Na5 9. Nbd2 Nxe4 10. Nxe4 Nxc4 11. b3 Nd6 12. Nxd6 cxd6 13. Bf4 Bc5 14. Nd4 Qf6
15. Rc1 Qxf4 16. Rc4 Bb6 17. g3 Qe5 18. Re1 Qxd5 19. Nf3 Qxd1 20. Rxd1 Bc5 21.
b4 Bb6 22. a4 Bd8 23. Rxd6 b6 24. b5 Be7 25. Rd5 d6 26. Rc7 Be6 27. Rd1 Rfe8 28.
Rdc1 Bb3 29. Ra1 Bf6 30. a5 Bd5 31. axb6 axb6 32. Rd1 Bxf3 33. Rdc1 h6 34. h4
Ra1 35. Rxa1 Bxa1 36. Rc1 Bd4 37. Kh2 Bxf2 0-1

[Event "AUTO-INT-2025"]
[Site "http://www.queenalice.com/game.php?id=934249"]
[Date "2011.5.4"]
[Round "1"]
[White "nuage"]
[Black "Dedey_123"]
[Result "1-0"]
[WhiteElo "1568"]
[BlackElo "1401"]

1. Nf3 g6 2. g3 Bg7 3. c3 Nf6 4. Bg2 O-O 5. d4 d5 6. Ne5 e6 7. Bg5 c6 8. Nd2
Nbd7 9. O-O a5 10. Ndf3 Qc7 11. e3 b5 12. a3 a4 13. Bf4 Ba6 14. Nxg6 fxg6 15.
Bxc7 b4 16. Re1 b3 17. Bd6 Rfe8 18. Bh3 Rac8 19. Ng5 Nf8 20. Qf3 N8d7 21. Bxe6+
Kh8 22. Nf7+ Kg8 23. Ng5+ Kh8 24. Bxd7 Nxd7 25. Qg4 Nf6 26. Qh4 h5 27. Qf4 Bd3
28. Nf7+ Kh7 29. h3 Bf5 30. Be5 Re6 31. Nd6 Rd8 32. Nxf5 Rc8 33. Rac1 c5 34. g4
Kg8 35. Nh6+ Kf8 36. Bd6+ Re7 37. Bxe7+ Kxe7 38. Qe5+ Kd8 39. Nf7+ 1-0

[Event "Challenge"]
[Site "http://www.queenalice.com/game.php?id=935240"]
[Date "2011.5.7"]
[Round "-"]
[White "Dedey_123"]
[Black "caseymor"]
[Result "0-1"]
[WhiteElo "1403"]
[BlackElo "1202"]

1. e4 e5 2. Qh5 d6 3. Bc4 Be6 4. Bxe6 g6 5. Qf3 fxe6 6. Qe2 c5 7. c4 Qg5 8. g3
Nf6 9. Nf3 Qh6 10. O-O Nc6 11. d3 Qh5 12. Nc3 b6 13. Nd2 Ng4 14. h4 Nd4 15. Qd1
O-O-O 16. Nb3 Bh6 17. Bxh6 Nxh6 18. Qxh5 gxh5 19. a4 Nxb3 20. Rad1 Ng4 21. Nb5
a5 22. Na7+ Kb7 23. Nb5 Rhf8 24. f4 Ne3 0-1

[Event "AUTO-OPEN-2373"]
[Site "http://www.queenalice.com/game.php?id=943201"]
[Date "2011.5.27"]
[Round "1"]
[White "amarkin"]
[Black "Dedey_123"]
[Result "1-0"]
[WhiteElo "2468"]
[BlackElo "1392"]

1. e4 e5 2. f4 d6 3. d3 Nc6 4. Nc3 Nf6 5. Be2 Be7 6. Nf3 O-O 7. O-O Bg4 8. a4 a5
9. h3 Nd4 10. hxg4 Nxe2+ 11. Qxe2 Nxg4 12. Nxe5 Nxe5 13. fxe5 dxe5 14. Be3 b6
15. Qg4 g6 16. Nd5 h5 17. Qg3 Qd6 18. Rf5 Rac8 19. Rxh5 c6 20. Rh1 cxd5 21. Qh3
Kg7 22. Bh6+ Kf6 23. Rf1# 1-0

[Event "AUTO-OPEN-2373"]
[Site "http://www.queenalice.com/game.php?id=943202"]
[Date "2011.5.27"]
[Round "1"]
[White "Dedey_123"]
[Black "amarkin"]
[Result "0-1"]
[WhiteElo "1390"]
[BlackElo "2455"]

1. e4 c6 2. Bc4 d5 3. exd5 cxd5 4. Bb5+ Bd7 5. Bxd7+ Nxd7 6. d4 e6 7. Nf3 Ngf6
8. Bg5 Qb6 9. b3 Ne4 10. O-O Nxg5 11. Nxg5 Be7 12. Nf3 Rc8 13. a4 O-O 14. Na3
Bb4 15. Ne5 Nxe5 16. dxe5 a6 17. g3 Qc5 18. Rc1 Bxa3 19. Ra1 Bb2 20. Rb1 Qxc2
21. Qxc2 Rxc2 22. Rfd1 Bxe5 23. b4 Rfc8 24. a5 Bb2 25. h4 R8c4 26. Rd3 Rxb4 27.
f4 Bd4+ 0-1

[Event "AUTO-OPEN-2373"]
[Site "http://www.queenalice.com/game.php?id=943225"]
[Date "2011.5.27"]
[Round "1"]
[White "MariusLola"]
[Black "Dedey_123"]
[Result "1-0"]
[WhiteElo "1852"]
[BlackElo "1403"]

1. e4 e5 2. Nf3 Nc6 3. Bc4 Bc5 4. Ng5 Qxg5 5. O-O d6 6. d4 Bh3 7. Bxg5 Bd7 8.
dxe5 dxe5 9. Qd5 f6 10. Rd1 O-O-O 11. Qxc5 fxg5 12. Bd5 Be6 13. Bxe6+ Kb8 14.
Rxd8+ Nxd8 15. Qf8 1-0

[Event "AUTO-OPEN-2373"]
[Site "http://www.queenalice.com/game.php?id=943226"]
[Date "2011.5.27"]
[Round "1"]
[White "Dedey_123"]
[Black "MariusLola"]
[Result "0-1"]
[WhiteElo "1388"]
[BlackElo "1859"]

1. e4 e5 2. Qh5 Nc6 3. Bc4 g6 4. Qf3 f6 5. Nh3 Nd4 6. Qd3 d6 7. O-O Bxh3 8. gxh3
a6 9. c3 Nc6 10. Qd5 Qe7 11. b3 O-O-O 12. d4 Kb8 13. f4 Bh6 14. f5 Bxc1 15. Rxc1
gxf5 16. exf5 Nh6 17. b4 Nxf5 18. Qf3 Nh4 19. Qf2 f5 20. d5 Qg5+ 21. Kf1 Qxc1+
22. Qe1 Qxe1+ 23. Kxe1 Ne7 24. Na3 Rhg8 25. Kd2 Rg2+ 26. Ke3 Rxh2 27. b5 Rxh3+
28. Kd2 Rg8 29. bxa6 Rg2+ 30. Be2 Nxd5 31. Rb1 Nb6 32. c4 bxa6 33. Nc2 Nf3+ 34.
Kc3 Rxe2 35. Kb4 Rxc2 0-1